<?xml version="1.0" encoding="UTF-8"?>
<collection xmlns="http://www.loc.gov/MARC21/slim">
 <record>
  <leader>00395pamaa2200133   4500</leader>
  <controlfield tag="001">0000025034</controlfield>
  <controlfield tag="005">20061228090000.0</controlfield>
  <datafield tag="090" ind1="0" ind2="0">
   <subfield code="a">PS584 </subfield>
   <subfield code="b">ALC 1985</subfield>
  </datafield>
  <datafield tag="245" ind1="0" ind2="0">
   <subfield code="a">ALCATRAZ  </subfield>
   <subfield code="c">edited by Stephen Kessler and Hollis Delancey.</subfield>
  </datafield>
  <datafield tag="260" ind1="0" ind2="0">
   <subfield code="a">Santa Cruiz: </subfield>
   <subfield code="b">Alcatraz Editions, </subfield>
   <subfield code="c">1985.</subfield>
  </datafield>
  <datafield tag="300" ind1=" " ind2=" ">
   <subfield code="a">v, 344p.; </subfield>
   <subfield code="c">24cm.</subfield>
  </datafield>
  <datafield tag="650" ind1="0" ind2="0">
   <subfield code="a">Literature -- </subfield>
   <subfield code="x">Collections </subfield>
  </datafield>
  <datafield tag="700" ind1="1" ind2="1">
   <subfield code="a">Kessler, </subfield>
   <subfield code="h">Stephen </subfield>
  </datafield>
  <datafield tag="700" ind1="1" ind2="1">
   <subfield code="a">DELANCEY, </subfield>
   <subfield code="h">Hollis </subfield>
  </datafield>
 </record>
</collection>
